[Event "WALTON BAN-chT 2019"]
[Site "Bangladesh"]
[Date "2019.12.17"]
[Round "11.2"]
[White "Murshed, Niaz"]
[Black "Rahman, Syed Mahfuzur"]
[Result "1/2-1/2"]
[WhiteElo "2413"]
[BlackElo "2159"]
[Annotator "ChessBase"]
[PlyCount "34"]
[EventDate "2019.12.07"]
[EventType "team-tourn"]
[EventCountry "BAN"]
[SourceTitle "playchess.com"]
[Source "ChessBase"]
[SourceQuality "1"]
[TimeControl "5400+30"]

1. d4 {[%emt 0:02:40]} d5 {[%emt 0:04:20]} 2. c4 {[%emt 0:00:11]} c6 {[%emt 0:00:40]} 3. Nc3 {[%emt 0:00:06]} Nf6 {[%emt 0:00:06]} 4. e3 {[%emt 0:00:11]} e6 {[%emt 0:07:21]} 5. Nf3 {[%emt 0:00:22]} Nbd7 {[%emt 0:00:44]} 6. Qc2 {[%emt 0:01:38]} Bd6 {[%emt 0:00:12]} 7. Be2 {[%emt 0:01:01]} O-O {[%emt 0:00:18]} 8. b3 {[%emt 0:02:29]} Qe7 {[%emt 0:07:15]} 9. O-O {[%emt 0:03:15]} dxc4 {[%emt 0:08:54]} 10. bxc4 {[%emt 0:01:06]} e5 {[%emt 0:00:25]} 11. h3 {[%emt 0:13:16]} Re8 {[%emt 0:06:07]} 12. c5 {[%emt 0:20:27]} Bc7 {[%emt 0:01:10]} 13. Bc4 {[%emt 0:00:12]} Nf8 {[%emt 0:01:17]} 14. Ng5 {[%emt 0:01:13]} Ne6 {[%emt 0:02:17]} 15. Nf3 {[%emt 0:00:09]} Nf8 {[%emt 0:00:05]} 16. Ng5 {[%emt 0:00:09]} Ne6 {[%emt 0:00:07]} 17. Nf3 {[%emt 0:00:07]} Nf8 {[%emt 0:00:05]} 1/2-1/2

[Event "WALTON BAN-chT 2019"]
[Site "Bangladesh"]
[Date "2019.12.17"]
[Round "11.3"]
[White "Samrat, Ghorai"]
[Black "Mchedlishvili, Mikheil"]
[Result "0-1"]
[WhiteElo "1861"]
[BlackElo "2567"]
[Annotator "ChessBase"]
[PlyCount "72"]
[EventDate "2019.12.07"]
[EventType "team-tourn"]
[EventCountry "BAN"]
[SourceTitle "playchess.com"]
[Source "ChessBase"]
[SourceQuality "1"]
[TimeControl "5400+30"]

1. e4 {[%emt 0:00:00]} c6 {[%emt 0:00:00]} 2. Nc3 {[%emt 0:00:27]} d5 {[%emt 0:00:04]} 3. Nf3 {[%emt 0:00:10]} a6 {[%emt 0:01:07]} 4. d4 {[%emt 0:00:45]} Bg4 {[%emt 0:00:23]} 5. Be2 {[%emt 0:03:21]} e6 {[%emt 0:00:25]} 6. h3 {[%emt 0:01:48]} Bh5 {[%emt 0:00:31]} 7. a3 {[%emt 0:00:49]} Nf6 {[%emt 0:01:36]} 8. Ng5 {[%emt 0:26:54]} Bg6 {[%emt 0:01:39]} 9. e5 {[%emt 0:00:44]} Nfd7 {[%emt 0:02:41]} 10. Bd3 {[%emt 0:07:33]} Be7 {[%emt 0:03:56]} 11. h4 {[%emt 0:04:11]} c5 {[%emt 0:08:18]} 12. f4 {[%emt 0:31:25]} cxd4 {[%emt 0:02:01]} 13. Ne2 {[%emt 0:01:01]} Qa5+ {[%emt 0:12:14]} 14. Bd2 {[%emt 0:03:10]} Qb6 {[%emt 0:00:15]} 15. b4 {[%emt 0:05:17]} Nc6 {[%emt 0:01:10]} 16. Rb1 {[%emt 0:01:37]} Rc8 {[%emt 0:01:04]} 17. Ng3 {[%emt 0:02:31]} Bxg5 {[%emt 0:06:54]} 18. hxg5 {[%emt 0:00:23]} Ne7 {[%emt 0:00:30]} 19. Nh5 {[%emt 0:03:25]} Kf8 {[%emt 0:06:34]} 20. g4 {[%emt 0:01:40]} Kg8 {[%emt 0:07:35]} 21. Qe2 {[%emt 0:01:21]} Be4 {[%emt 0:05:36]} 22. Rh3 {[%emt 0:01:46]} h6 {[%emt 0:03:12]} 23. Ng3 {[%emt 0:00:14]} Bxd3 {[%emt 0:01:30]} 24. cxd3 {[%emt 0:00:08]} hxg5 {[%emt 0:01:37]} 25. Rxh8+ {[%emt 0:00:19]} Kxh8 {[%emt 0:00:03]} 26. f5 {[%emt 0:01:14]} exf5 {[%emt 0:04:14]} 27. gxf5 {[%emt 0:00:34]} Qh6 {[%emt 0:00:48]} 28. e6 {[%emt 0:00:36]} fxe6 {[%emt 0:01:22]} 29. fxe6 {[%emt 0:00:09]} Nf8 {[%emt 0:00:37]} 30. Kf1 {[%emt 0:00:56]} Qh3+ {[%emt 0:03:29]} 31. Kf2 {[%emt 0:00:09]} Qh2+ {[%emt 0:02:32]} 32. Kf3 {[%emt 0:00:18]} Qxe2+ {[%emt 0:00:14]} 33. Nxe2 {[%emt 0:00:13]} Nxe6 {[%emt 0:00:06]} 34. Rc1 {[%emt 0:00:26]} Rf8+ {[%emt 0:00:26]} 35. Kg2 {[%emt 0:00:51]} Nf5 {[%emt 0:00:35]} 36. Rh1+ {[%emt 0:01:00]} Kg8 {[%emt 0:00:11]} 0-1

[Event "WALTON BAN-chT 2019"]
[Site "Bangladesh"]
[Date "2019.12.17"]
[Round "11.4"]
[White "Mohammad Fahad, Rahman"]
[Black "Ambarish, Sharma"]
[Result "1-0"]
[WhiteElo "2294"]
[BlackElo "1880"]
[Annotator "ChessBase"]
[PlyCount "101"]
[EventDate "2019.12.07"]
[EventType "team-tourn"]
[EventCountry "BAN"]
[SourceTitle "playchess.com"]
[Source "ChessBase"]
[SourceQuality "1"]
[TimeControl "5400+30"]

1. e4 {[%emt 0:00:00]} e6 {[%emt 0:00:07]} 2. d4 {[%emt 0:00:24]} d5 {[%emt 0:00:07]} 3. Bd3 {[%emt 0:00:15]} dxe4 {[%emt 0:01:02]} 4. Bxe4 {[%emt 0:00:07]} Nf6 {[%emt 0:00:07]} 5. Bf3 {[%emt 0:00:11]} c5 {[%emt 0:01:04]} 6. Ne2 {[%emt 0:00:34]} Nc6 {[%emt 0:00:29]} 7. Be3 {[%emt 0:01:01]} e5 {[%emt 0:11:25]} 8. d5 {[%emt 0:17:20]} Nd4 {[%emt 0:06:10]} 9. Nxd4 {[%emt 0:05:56]} cxd4 {[%emt 0:03:02]} 10. Bg5 {[%emt 0:00:18]} Bf5 {[%emt 0:01:22]} 11. O-O {[%emt 0:01:26]} h6 {[%emt 0:04:34]} 12. Re1 {[%emt 0:07:38]} hxg5 {[%emt 0:10:18]} 13. Rxe5+ {[%emt 0:00:29]} Be6 {[%emt 0:00:04]} 14. dxe6 {[%emt 0:06:17]} Bd6 {[%emt 0:01:03]} 15. Qxd4 {[%emt 0:05:26]} Bxe5 {[%emt 0:02:43]} 16. Qxe5 {[%emt 0:00:22]} Qe7 {[%emt 0:08:23]} 17. Qb5+ {[%emt 0:05:37]} Kf8 {[%emt 0:00:23]} 18. Qxg5 {[%emt 0:00:42]} Qxe6 {[%emt 0:00:16]} 19. Nc3 {[%emt 0:00:19]} Re8 {[%emt 0:01:15]} 20. h3 {[%emt 0:01:01]} Qe5 {[%emt 0:00:06]} 21. Qxe5 {[%emt 0:05:43]} Rxe5 {[%emt 0:00:06]} 22. Bxb7 {[%emt 0:00:04]} Ke7 {[%emt 0:00:06]} 23. Bf3 {[%emt 0:00:24]} Rb8 {[%emt 0:00:26]} 24. Na4 {[%emt 0:00:56]} Nd5 {[%emt 0:04:03]} 25. b3 {[%emt 0:02:15]} Nb4 {[%emt 0:01:48]} 26. c3 {[%emt 0:09:54]} Nc2 {[%emt 0:01:09]} 27. Rc1 {[%emt 0:02:00]} Ne1 {[%emt 0:00:07]} 28. Bg4 {[%emt 0:00:11]} f5 {[%emt 0:00:29]} 29. Bxf5 {[%emt 0:03:10]} Nxg2 {[%emt 0:00:23]} 30. Bg4 {[%emt 0:01:05]} Nf4 {[%emt 0:00:14]} 31. Rc2 {[%emt 0:02:31]} Rh8 {[%emt 0:01:07]} 32. Kh2 {[%emt 0:00:36]} Rg5 {[%emt 0:00:35]} 33. Kg3 {[%emt 0:00:35]} Nxh3 {[%emt 0:01:26]} 34. f3 {[%emt 0:04:51]} Rh6 {[%emt 0:00:19]} 35. Rh2 {[%emt 0:05:27]} Ng1 {[%emt 0:00:19]} 36. Rg2 {[%emt 0:00:35]} Nh3 {[%emt 0:00:46]} 37. c4 {[%emt 0:00:12]} Rgg6 {[%emt 0:00:34]} 38. f4 {[%emt 0:01:39]} Rd6 {[%emt 0:00:55]} 39. Nc5 {[%emt 0:03:41]} g5 {[%emt 0:00:49]} 40. Bxh3 {[%emt 0:02:37]} gxf4+ {[%emt 0:00:06]} 41. Kh2 {[%emt 0:01:15]} Rh5 {[%emt 0:00:02]} 42. Ne4 {[%emt 0:00:22]} Rd3 {[%emt 0:00:05]} 43. Nf2 {[%emt 0:00:42]} Rd2 {[%emt 0:00:03]} 44. Ng4 {[%emt 0:00:48]} Rd3 {[%emt 0:01:25]} 45. Re2+ {[%emt 0:00:10]} Kd6 {[%emt 0:00:32]} 46. Nf2 {[%emt 0:00:06]} Re3 {[%emt 0:00:12]} 47. Rd2+ {[%emt 0:00:17]} Kc5 {[%emt 0:00:06]} 48. Nd3+ {[%emt 0:00:53]} Kd4 {[%emt 0:00:40]} 49. Nxf4+ {[%emt 0:00:12]} Kc3 {[%emt 0:00:04]} 50. Rg2 {[%emt 0:00:16]} Rh4 {[%emt 0:01:02]} 51. Nd5+ {[%emt 0:00:07]} 1-0

[Event "WALTON BAN-chT 2019"]
[Site "Bangladesh"]
[Date "2019.12.17"]
[Round "11.5"]
[White "Mohammad Manik"]
[Black "Reefat, Bin-Sattar"]
[Result "0-1"]
[WhiteElo "1853"]
[BlackElo "2417"]
[Annotator "ChessBase"]
[PlyCount "110"]
[EventDate "2019.12.07"]
[EventType "team-tourn"]
[EventCountry "BAN"]
[SourceTitle "playchess.com"]
[Source "ChessBase"]
[SourceQuality "1"]
[TimeControl "5400+30"]

1. e4 {[%emt 0:00:00]} e6 {[%emt 0:00:04]} 2. c4 {[%emt 0:01:46]} b6 {[%emt 0:04:19]} 3. Nc3 {[%emt 0:02:44]} Bb7 {[%emt 0:00:42]} 4. Nf3 {[%emt 0:01:06]} c5 {[%emt 0:05:57]} 5. d4 {[%emt 0:01:33]} cxd4 {[%emt 0:00:08]} 6. Nxd4 {[%emt 0:00:59]} d6 {[%emt 0:03:26]} 7. Be2 {[%emt 0:02:40]} Nf6 {[%emt 0:01:54]} 8. Bf3 {[%emt 0:03:13]} Nbd7 {[%emt 0:01:18]} 9. h3 {[%emt 0:05:31]} a6 {[%emt 0:00:27]} 10. O-O {[%emt 0:01:05]} Be7 {[%emt 0:14:07]} 11. b3 {[%emt 0:01:35]} Qc7 {[%emt 0:00:55]} 12. Bb2 {[%emt 0:00:59]} h5 {[%emt 0:07:54]} 13. Bc1 {[%emt 0:07:32]} b5 {[%emt 0:24:46]} 14. Be3 {[%emt 0:06:14]} Ne5 {[%emt 0:04:24]} 15. Rc1 {[%emt 0:02:41]} b4 {[%emt 0:00:21]} 16. Nce2 {[%emt 0:03:53]} Nxf3+ {[%emt 0:12:43]} 17. gxf3 {[%emt 0:00:58]} Rb8 {[%emt 0:03:01]} 18. Qd2 {[%emt 0:02:31]} Ba8 {[%emt 0:04:14]} 19. Rfd1 {[%emt 0:02:36]} h4 {[%emt 0:04:21]} 20. Kf1 {[%emt 0:01:24]} Nd7 {[%emt 0:01:02]} 21. Ng1 {[%emt 0:00:45]} Nc5 {[%emt 0:02:02]} 22. Ke2 {[%emt 0:02:18]} Qb7 {[%emt 0:01:49]} 23. Re1 {[%emt 0:01:06]} g6 {[%emt 0:00:36]} 24. Kf1 {[%emt 0:04:26]} e5 {[%emt 0:00:38]} 25. Nde2 {[%emt 0:01:51]} Ne6 {[%emt 0:00:14]} 26. Rcd1 {[%emt 0:04:33]} O-O {[%emt 0:00:43]} 27. Qd5 {[%emt 0:03:13]} Qc8 {[%emt 0:00:20]} 28. Qd3 {[%emt 0:00:54]} f5 {[%emt 0:00:28]} 29. Qc2 {[%emt 0:05:42]} Kg7 {[%emt 0:00:48]} 30. Qb2 {[%emt 0:01:54]} fxe4 {[%emt 0:00:21]} 31. f4 {[%emt 0:01:27]} Qc7 {[%emt 0:00:16]} 32. c5 {[%emt 0:03:46]} Kh7 {[%emt 0:00:52]} 33. cxd6 {[%emt 0:00:43]} Bxd6 {[%emt 0:00:01]} 34. Rc1 {[%emt 0:02:56]} Qg7 {[%emt 0:00:08]} 35. Red1 {[%emt 0:01:16]} exf4 {[%emt 0:01:16]} 36. Qxg7+ {[%emt 0:01:02]} Nxg7 {[%emt 0:00:02]} 37. Ba7 {[%emt 0:00:44]} Rbd8 {[%emt 0:00:03]} 38. Bb6 {[%emt 0:02:57]} Rd7 {[%emt 0:00:05]} 39. Bc5 {[%emt 0:02:40]} Nf5 {[%emt 0:01:27]} 40. Bxd6 {[%emt 0:02:45]} Nxd6 {[%emt 0:00:23]} 41. Nd4 {[%emt 0:01:05]} f3 {[%emt 0:00:49]} 42. Ne6 {[%emt 0:00:46]} Rf5 {[%emt 0:00:44]} 43. Rc7 {[%emt 0:00:53]} Rxc7 {[%emt 0:00:41]} 44. Nxc7 {[%emt 0:00:08]} Bb7 {[%emt 0:00:18]} 45. Ke1 {[%emt 0:03:32]} Nf7 {[%emt 0:00:11]} 46. Rd7 {[%emt 0:00:23]} Kh6 {[%emt 0:00:30]} 47. Ne6 {[%emt 0:00:35]} Bc8 {[%emt 0:00:26]} 48. Re7 {[%emt 0:01:45]} Nd6 {[%emt 0:01:00]} 49. Nd8 {[%emt 0:01:51]} Rg5 {[%emt 0:00:21]} 50. Nxf3 {[%emt 0:02:04]} exf3 {[%emt 0:00:07]} 51. Re3 {[%emt 0:01:29]} Rf5 {[%emt 0:00:47]} 52. Nc6 {[%emt 0:03:31]} Rf4 {[%emt 0:00:18]} 53. Ne5 {[%emt 0:00:00]} Nf5 {[%emt 0:00:28]} 54. Nd3 {[%emt 0:00:00]} Nxe3 {[%emt 0:00:08]} 55. Nxf4 {[%emt 0:00:00]} Ng2+ {[%emt 0:00:04]} 0-1

[Event "WALTON BAN-chT 2019"]
[Site "Bangladesh"]
[Date "2019.12.17"]
[Round "11.6"]
[White "Safarli, Eltaj"]
[Black "Nepal, Prakash Chandra"]
[Result "1-0"]
[WhiteElo "2601"]
[BlackElo "1974"]
[Annotator "TA"]
[PlyCount "39"]
[EventDate "2019.12.07"]
[EventType "team-tourn"]
[EventCountry "BAN"]
[SourceTitle "playchess.com"]
[Source "ChessBase"]
[SourceQuality "1"]

{[%evp 17,39,51,125,118,180,137,130,127,241,244,479,484,843,750,733,721,1729,1676,1862,1841,1736,1629,29989,29990]} 1. e4 c5 2. Nf3 e6 3. Nc3 a6 4. g3 Nc6 5. Bg2 b5 6. d4 cxd4 7. Nxd4 Bb7 8. O-O Qc7 9. Re1 d6 (9... Nxd4 $14 10. Qxd4 Rc8) 10. a4 $16 {B43: Sicilian: Kan Variation: 5 Nc3} bxa4 (10... Nxd4 $16 {is a better defense.} 11. Qxd4 b4) 11. Rxa4 {[%cal Ba1a4,Ba4c4,Bc4c7,Bc7f7][%mdl 32]} Nxd4 (11... Nge7 12. Ndb5 axb5 13. Nxb5 Rxa4 14. Nxc7+ Kd7 15. Nb5 Ng6 16. e5 Ngxe5 17. Rxe5 Nxe5 18. Bxb7 {1-0 (26) Strohhaeker,R (2447)-Neyman,I (2315) Germany 2013}) 12. Qxd4 {White is better.} Nf6 {[#]} (12... Ne7 $16) 13. Rc4 $1 $18 {[%cal Rc4c7]} Qd7 $146 (13... Qb8 14. Rb4 Nd7) ({Predecessor:} 13... Qb8 14. Rb4 Nd7 15. Nd5 Ne5 16. Qb6 Nc6 17. Qxb7 Nxb4 18. Qxa8 Qxa8 {1-0 (28) Taeger,W (2262)-Loder,W (2095) Bayern 2006}) 14. e5 Ng8 (14... d5 $142 15. exf6 dxc4) 15. Bxb7 {[%mdl 64] Overworked Piece} Qxb7 16. exd6 Qd7 17. Rc7 Qxd6 18. Qa4+ Kd8 19. Rxf7 {[#] aiming for Bf4.} Nf6 20. Bf4 1-0

[Event "WALTON BAN-chT 2019"]
[Site "Bangladesh"]
[Date "2019.12.17"]
[Round "11.7"]
[White "Hasan, Eunus"]
[Black "Rahman, Ziaur"]
[Result "0-1"]
[WhiteElo "2120"]
[BlackElo "2440"]
[Annotator "TA"]
[PlyCount "80"]
[EventDate "2019.12.07"]
[EventType "team-tourn"]
[EventCountry "BAN"]
[SourceTitle "playchess.com"]
[Source "ChessBase"]
[SourceQuality "1"]

{[%evp 19,80,46,48,31,27,0,26,0,0,0,0,2,6,14,10,-26,-18,-24,-22,-27,-23,-19,-20,-27,-13,-35,-18,-27,0,-51,-43,-50,-43,-42,-16,-44,-33,-34,-35,-34,-35,-37,-34,-260,-246,-255,-246,-568,-582,-567,-577,-734,-731,-729,-69,-711,-700,-999,-997,-945,-794,-29989,-2998]} 1. e4 e5 2. Nf3 Nc6 3. Bb5 a6 4. Ba4 Nf6 5. d3 d6 6. c3 Be7 7. O-O O-O 8. Re1 Bg4 9. h3 Bh5 10. Nbd2 {[%cal Bb1d2,Bd2f1,Bf1g3,Bg3f5][%mdl 32]} Nd7 11. Nf1 {C87: Closed Ruy Lopez: Steinitz-type lines after 6 Re1 d6} Nc5 12. Bxc6 bxc6 13. Ng3 {White has an edge.} (13. d4 {feels hotter.} exd4 14. cxd4 Ne6 15. g4 Bg6 16. Ng3) 13... Bxf3 14. Qxf3 Ne6 15. Nf5 Bf6 16. Qg4 Kh8 {[#]} 17. Qf3 $146 ({Predecessor:} 17. g3 Qd7 18. Be3 c5 {0-1 (40) Alekseev,E (2613)-Kasimdzhanov,R (2668) Skanderborg 2003}) 17... a5 18. Ne3 g6 19. a4 Bg7 20. Nc4 Qd7 21. Bd2 f5 22. Qe2 f4 23. f3 Bf6 24. Red1 (24. b4 $11) 24... c5 $15 25. Be1 h5 26. Bf2 Qg7 27. Rdb1 Rfb8 28. b3 g5 29. Ra2 Qh7 30. Rab2 Rg8 31. b4 $2 (31. g4 $1 $15) 31... axb4 $19 32. cxb4 g4 33. fxg4 $2 (33. Kh1 {is a better chance.} cxb4 34. Rxb4) 33... hxg4 34. hxg4 {intending bxc5.} Rg6 35. bxc5 {Threatens to win with Rb8+.} Rh6 {[%csl Gh7][%cal Rh6h1]} 36. Kf1 Rh1+ 37. Bg1 {[#]} Nd4 $1 38. Rb8+ Rxb8 39. Rxb8+ Kg7 {( -> ...Qh2!)} 40. cxd6 Nxe2 {Accuracy: White = 47%, Black = 90%.} (40... Rxg1+ $142 41. Kxg1 Nxe2+ 42. Kf2 {[#]} f3 $1 {[%mdl 512]} 43. Rg8+ Kxg8 44. Ke3 Qh1 45. Nd2 Qxg2 46. d4 Nf4 47. dxe5 Bxe5 48. Nxf3 Qe2#) 0-1

[Event "WALTON BAN-chT 2019"]
[Site "Bangladesh"]
[Date "2019.12.17"]
[Round "11.8"]
[White "Hossain, Enamul"]
[Black "Hasan, Sk. Rashedul"]
[Result "1-0"]
[WhiteElo "2419"]
[BlackElo "1962"]
[Annotator "TA"]
[PlyCount "41"]
[EventDate "2019.12.07"]
[EventType "team-tourn"]
[EventCountry "BAN"]
[SourceTitle "playchess.com"]
[Source "ChessBase"]
[SourceQuality "1"]

{[%evp 9,41,34,37,23,78,75,96,93,103,139,211,103,104,87,165,168,304,166,297,297,272,277,320,316,505,507,507,479,891,868,1168,1074,977,943]} 1. e4 c5 2. c3 g6 3. d4 cxd4 4. cxd4 d5 5. e5 Bg7 6. Nc3 {B22: Sicilian: 2 c3} e6 (6... a6 $11 {keeps the balance.}) (6... Nc6 7. f4 Nh6 8. Be2 O-O 9. Nf3 Bg4 10. Be3 e6 11. O-O Bxf3 12. Bxf3 f6 13. exf6 Qxf6 14. g4 Nf7 {0-1 (49) Rodshtein,M (2699)-Kuzmicz,K (2460) Katowice 2017}) 7. Nf3 $16 Ne7 8. h4 {White is better.} Nbc6 9. h5 Bd7 {[#]} (9... O-O $16 {might work better.}) 10. Bd3 $146 (10. h6 $1 $18 {[%cal Rh6g7]} Bf8 11. Bg5) ({Predecessor:} 10. Nb5 Nc8 11. a3 a6 12. Nc3 b5 13. Be3 Qb6 14. Bd3 {1-0 (42) Radziszewski,J-Adamowski,A Poland 1995}) 10... Qb6 11. Na4 Qc7 (11... Qa5+ $16 12. Nc3 Nf5) 12. Bd2 $18 O-O-O (12... Nf5 {was necessary.}) 13. b4 $36 {[%mdl 2048] Black is under strong pressure.} (13. Rc1 $142) 13... Kb8 (13... Nxd4 {keeps fighting.} 14. Nxd4 Qxe5+ 15. Be3 Kb8) 14. Rc1 a6 15. b5 axb5 16. Bxb5 f6 (16... Nf5 {is a better defense.} 17. Nc5 gxh5 18. Rxh5 Be8) 17. h6 {White is clearly winning.} Bf8 18. Nc5 Qb6 (18... Nc8 $142 19. Bxc6 Qxc6 20. exf6 Bd6 21. Nxe6 Qa6) 19. Rb1 Qc7 20. Bd3 Ka8 21. Rxb7 {Accuracy: White = 79%, Black = 21%.} 1-0

[Event "WALTON BAN-chT 2019"]
[Site "Bangladesh"]
[Date "2019.12.17"]
[Round "11.9"]
[White "Alam, Monjur"]
[Black "Kulkarni, Rakesh"]
[Result "0-1"]
[WhiteElo "1899"]
[BlackElo "2334"]
[Annotator "ChessBase"]
[PlyCount "52"]
[EventDate "2019.12.07"]
[EventType "team-tourn"]
[EventCountry "BAN"]
[SourceTitle "playchess.com"]
[Source "ChessBase"]
[SourceQuality "1"]
[TimeControl "5400+30"]

1. d4 {[%emt 0:06:15]} Nf6 {[%emt 0:00:00]} 2. c4 {[%emt 0:00:08]} e5 {[%emt 0:00:00]} 3. dxe5 {[%emt 0:01:17]} Ng4 {[%emt 0:00:00]} 4. Nf3 {[%emt 0:00:25]} Bc5 {[%emt 0:00:00]} 5. e3 {[%emt 0:00:28]} Nc6 {[%emt 0:00:00]} 6. Be2 {[%emt 0:02:40]} O-O {[%emt 0:00:14]} 7. Bd2 {[%emt 0:01:42]} Re8 {[%emt 0:01:13]} 8. O-O {[%emt 0:05:30]} a5 {[%emt 0:03:14]} 9. h3 {[%emt 0:03:16]} Ngxe5 {[%emt 0:00:34]} 10. Bc3 {[%emt 0:00:40]} Nxf3+ {[%emt 0:00:45]} 11. Bxf3 {[%emt 0:00:12]} Ne5 {[%emt 0:00:10]} 12. Be2 {[%emt 0:05:36]} Ra6 {[%emt 0:00:11]} 13. Nd2 {[%emt 0:02:10]} Rg6 {[%emt 0:09:11]} 14. Ne4 {[%emt 0:11:55]} Qh4 {[%emt 0:09:11]} 15. Ng3 {[%emt 0:10:45]} d6 {[%emt 0:08:34]} 16. Bd4 {[%emt 0:03:33]} Bxh3 {[%emt 0:01:16]} 17. gxh3 {[%emt 0:14:23]} Qxh3 {[%emt 0:03:25]} 18. Bh5 {[%emt 0:00:31]} Rg4 {[%emt 0:14:32]} 19. Bxe5 {[%emt 0:02:34]} Rh4 {[%emt 0:10:45]} 20. Bxf7+ {[%emt 0:09:08]} Kxf7 {[%emt 0:04:13]} 21. Qd5+ {[%emt 0:00:51]} Kf8 {[%emt 0:00:56]} 22. Bxg7+ {[%emt 0:01:05]} Kxg7 {[%emt 0:00:11]} 23. Nf5+ {[%emt 0:01:26]} Kh8 {[%emt 0:00:18]} 24. Nxh4 {[%emt 0:01:17]} Qxh4 {[%emt 0:00:07]} 25. Rfe1 {[%emt 0:02:07]} Qh3 {[%emt 0:00:17]} 26. f4 {[%emt 0:01:03]} Rxe3 {[%emt 0:01:26]} 0-1

[Event "WALTON BAN-chT 2019"]
[Site "Bangladesh"]
[Date "2019.12.17"]
[Round "11.10"]
[White "Pranav, Shetty"]
[Black "Zia, Tahsin Tajwar"]
[Result "1-0"]
[WhiteElo "2162"]
[BlackElo "2148"]
[Annotator "ChessBase"]
[PlyCount "129"]
[EventDate "2019.12.07"]
[EventType "team-tourn"]
[EventCountry "BAN"]
[SourceTitle "playchess.com"]
[Source "ChessBase"]
[SourceQuality "1"]
[TimeControl "5400+30"]

1. e4 {[%emt 0:03:41]} c6 {[%emt 0:00:00]} 2. c4 {[%emt 0:00:30]} d5 {[%emt 0:00:00]} 3. exd5 {[%emt 0:00:05]} cxd5 {[%emt 0:00:00]} 4. cxd5 {[%emt 0:00:02]} Nf6 {[%emt 0:00:00]} 5. Nc3 {[%emt 0:00:05]} Nxd5 {[%emt 0:00:21]} 6. Nf3 {[%emt 0:00:04]} Nc6 {[%emt 0:00:13]} 7. Bb5 {[%emt 0:00:09]} a6 {[%emt 0:08:43]} 8. Bxc6+ {[%emt 0:23:38]} bxc6 {[%emt 0:00:11]} 9. Ne5 {[%emt 0:05:34]} Nxc3 {[%emt 0:06:29]} 10. dxc3 {[%emt 0:01:15]} Qxd1+ {[%emt 0:01:11]} 11. Kxd1 {[%emt 0:00:02]} Bb7 {[%emt 0:03:02]} 12. Be3 {[%emt 0:00:41]} f6 {[%emt 0:13:05]} 13. Nc4 {[%emt 0:09:08]} e5 {[%emt 0:05:15]} 14. f3 {[%emt 0:01:05]} Be7 {[%emt 0:01:54]} 15. b4 {[%emt 0:04:33]} Rd8+ {[%emt 0:11:24]} 16. Ke2 {[%emt 0:00:43]} Kf7 {[%emt 0:04:21]} 17. Rhd1 {[%emt 0:14:20]} Ke6 {[%emt 0:03:24]} 18. Na5 {[%emt 0:00:37]} Ba8 {[%emt 0:02:05]} 19. Nb3 {[%emt 0:02:59]} Rd5 {[%emt 0:07:09]} 20. Bc5 {[%emt 0:00:52]} Rhd8 {[%emt 0:03:14]} 21. Bxe7 {[%emt 0:15:22]} Kxe7 {[%emt 0:02:05]} 22. Nc5 {[%emt 0:05:27]} a5 {[%emt 0:02:21]} 23. a3 {[%emt 0:00:01]} g6 {[%emt 0:07:52]} 24. c4 {[%emt 0:01:46]} Rxd1 {[%emt 0:02:57]} 25. Rxd1 {[%emt 0:00:01]} Rxd1 {[%emt 0:00:17]} 26. Kxd1 {[%emt 0:00:02]} f5 {[%emt 0:00:50]} 27. g4 {[%emt 0:04:11]} axb4 {[%emt 0:01:21]} 28. axb4 {[%emt 0:00:01]} fxg4 {[%emt 0:05:10]} 29. fxg4 {[%emt 0:00:02]} Kf6 {[%emt 0:00:48]} 30. Ne4+ {[%emt 0:02:34]} Ke7 {[%emt 0:01:12]} 31. Nc5 {[%emt 0:02:28]} Kf6 {[%emt 0:00:11]} 32. Ne4+ {[%emt 0:02:39]} Ke7 {[%emt 0:00:02]} 33. Ke2 {[%emt 0:01:01]} Bb7 {[%emt 0:00:27]} 34. g5 {[%emt 0:00:31]} Bc8 {[%emt 0:01:00]} 35. Nc5 {[%emt 0:00:39]} Kd6 {[%emt 0:01:04]} 36. Ne4+ {[%emt 0:00:09]} Ke7 {[%emt 0:00:43]} 37. Nc5 {[%emt 0:00:05]} Kd6 {[%emt 0:00:16]} 38. Ke3 {[%emt 0:00:09]} Bf5 {[%emt 0:03:42]} 39. h4 {[%emt 0:00:03]} Kc7 {[%emt 0:01:08]} 40. Ne4 {[%emt 0:00:24]} Kb6 {[%emt 0:00:12]} 41. Nc5 {[%emt 0:01:12]} Bh3 {[%emt 0:00:53]} 42. Nd3 {[%emt 0:00:51]} Be6 {[%emt 0:01:09]} 43. Nxe5 {[%emt 0:00:20]} c5 {[%emt 0:00:24]} 44. b5 {[%emt 0:00:04]} Kc7 {[%emt 0:00:39]} 45. Kd3 {[%emt 0:00:07]} Kd6 {[%emt 0:00:06]} 46. Nf3 {[%emt 0:00:43]} Bf5+ {[%emt 0:00:12]} 47. Ke3 {[%emt 0:00:06]} Be6 {[%emt 0:00:15]} 48. Kd3 {[%emt 0:00:34]} Bf5+ {[%emt 0:00:11]} 49. Kc3 {[%emt 0:01:27]} Be4 {[%emt 0:00:52]} 50. Nd2 {[%emt 0:00:08]} Bb7 {[%emt 0:00:09]} 51. Kd3 {[%emt 0:00:25]} Ke5 {[%emt 0:00:43]} 52. Ke3 {[%emt 0:00:01]} Ba8 {[%emt 0:01:02]} 53. Nb3 {[%emt 0:00:04]} Kd6 {[%emt 0:00:03]} 54. Kf4 {[%emt 0:00:03]} Bg2 {[%emt 0:01:07]} 55. Nd2 {[%emt 0:00:07]} Kc7 {[%emt 0:00:58]} 56. Ne4 {[%emt 0:03:26]} Bf1 {[%emt 0:00:40]} 57. Nd2 {[%emt 0:00:17]} Bg2 {[%emt 0:00:54]} 58. Ke5 {[%emt 0:00:05]} Kb6 {[%emt 0:00:49]} 59. Kf6 {[%emt 0:00:55]} Ka5 {[%emt 0:01:33]} 60. Kg7 {[%emt 0:00:03]} Kb4 {[%emt 0:00:06]} 61. Kxh7 {[%emt 0:00:03]} Kc3 {[%emt 0:00:05]} 62. Kxg6 {[%emt 0:00:06]} Kxd2 {[%emt 0:00:04]} 63. h5 {[%emt 0:00:01]} Bf1 {[%emt 0:01:16]} 64. b6 {[%emt 0:00:21]} Bd3+ {[%emt 0:00:12]} 65. Kf6 {[%emt 0:00:20]} 1-0